000 01638cam a2200169 4500500
005 20260405032124.0
041 _afre
042 _adc
100 1 0 _aOoyoung Pyun, Danielle
_eauthor
700 1 0 _aPyun, Danielle Ooyoung
_eauthor
700 1 0 _aKim, In-Seok
_eauthor
700 1 0 _aRusu, Lucile
_eauthor
245 0 0 _aHorangi : Grand manuel de coréen
260 _bArmand Colin,
_c2021.
520 _aVoici un manuel de coréen spécifiquement conçu pour vous aider à développer la maîtrise pratique de la langue en situation. Aucune base n'est requise : que vous soyez étudiant, autodidacte, touriste, en voyage d'affaires ou simplement passionné par la culture coréenne, cette méthode en contexte vous donne les clés pour apprendre le coréen tel qu'il est écrit et parlé en Corée aujourd'hui. De l’hôtel au restaurant en passant par le bureau, des dialogues authentiques vous permettront d’étudier en détail les structures du coréen. Les points de grammaire ont été choisis en fonction de leur degré de difficulté et leur fréquence d’usage, pour une immersion progressive dans la langue à l’aide d’exercices corrigés. Des points culturels sur le Chuseok ou le Kimchi vous fourniront conseils et anecdotes tout au long de votre progression. 120 pistes audio téléchargeables en ligne accompagnent l'apprentissage du Hangeul, les dialogues de la vie courante, la prononciation du vocabulaire et les exercices de compréhension orale, pour atteindre sans difficultés le niveau A2-B1 du CECRL.
856 4 1 _uhttps://shs.cairn.info/horangi--9782200629724?lang=fr&redirect-ssocas=7080
999 _c2152393
_d2152393